Southville International School and Colleges
Your cart is empty.
  • Cart
  • Lists
    Public lists Eva Luna New books Lux_list list_1
    Your lists Log in to create your own lists
  • Log in to your account
  • Your cookies
  • Search history
Southville International School and Colleges
  • Advanced search
  • Recent comments
  • Most popular
  • Libraries

Log in to your account

Log in with GOOGLE


If you do not have an external account, but do have a local account, you can still log in:

  1. Home
  2. MARC view: The 8th habit :
Normal view MARC view ISBD view

The 8th habit : (Record no. 478)

[ view plain ]
MARC details
000 -LEADER
fixed length control field 01483cam a22003974a 4500
001 - CONTROL NUMBER
control field 14945925
003 - CONTROL NUMBER IDENTIFIER
control field OSt
005 - DATE AND TIME OF LATEST TRANSACTION
control field 20140310181630.0
008 - FIXED-LENGTH DATA ELEMENTS--GENERAL INFORMATION
fixed length control field 070730s2005 nyua b 001 0 eng
010 ## - LIBRARY OF CONGRESS CONTROL NUMBER
LC control number 2007278594
020 ## - INTERNATIONAL STANDARD BOOK NUMBER
International Standard Book Number 9780743287937 (pbk.)
020 ## - INTERNATIONAL STANDARD BOOK NUMBER
International Standard Book Number 0743287932 (pbk.)
040 ## - CATALOGING SOURCE
Original cataloging agency DLC
Transcribing agency DLC
Modifying agency DLC
050 00 - LIBRARY OF CONGRESS CALL NUMBER
Classification number BF 637.S4
Item number .C873 2004
082 ## - DEWEY DECIMAL CLASSIFICATION NUMBER
Classification number TR 158.22
Item number C83 2004
100 1# - MAIN ENTRY--PERSONAL NAME
Personal name Covey, Stephen R.
9 (RLIN) 729
245 14 - TITLE STATEMENT
Title The 8th habit :
Remainder of title from effectiveness to greatness /
Statement of responsibility, etc Stephen R. Covey.
246 3# - VARYING FORM OF TITLE
Title proper/short title Eighth habit
250 ## - EDITION STATEMENT
Edition statement 1st Free Press trade pbk. ed.
260 ## - PUBLICATION, DISTRIBUTION, ETC. (IMPRINT)
Place of publication, distribution, etc New York :
Name of publisher, distributor, etc Free Press,
Date of publication, distribution, etc 2005.
300 ## - PHYSICAL DESCRIPTION
Extent xvi, 409 p. :
Other physical details ill. ;
Dimensions 22 cm.
521 ## - TARGET AUDIENCE NOTE
Target audience note
541 ## - IMMEDIATE SOURCE OF ACQUISITION NOTE
-- 1
562 ## - COPY AND VERSION IDENTIFICATION NOTE
Number of copies For circulation. 1 copy in the collection
650 #0 - SUBJECT ADDED ENTRY--TOPICAL TERM
Topical term or geographic name as entry element Self-actualization (Psychology)
9 (RLIN) 78
650 #0 - SUBJECT ADDED ENTRY--TOPICAL TERM
Topical term or geographic name as entry element Success.
9 (RLIN) 730
650 #0 - SUBJECT ADDED ENTRY--TOPICAL TERM
Topical term or geographic name as entry element Satisfaction.
9 (RLIN) 731
650 #0 - SUBJECT ADDED ENTRY--TOPICAL TERM
Topical term or geographic name as entry element Vocation.
9 (RLIN) 732
856 42 - ELECTRONIC LOCATION AND ACCESS
Materials specified Contributor biographical information
Uniform Resource Identifier <a href="http://www.loc.gov/catdir/enhancements/fy0739/2007278594-b.html">http://www.loc.gov/catdir/enhancements/fy0739/2007278594-b.html</a>
856 42 - ELECTRONIC LOCATION AND ACCESS
Materials specified Publisher description
Uniform Resource Identifier <a href="http://www.loc.gov/catdir/enhancements/fy0739/2007278594-d.html">http://www.loc.gov/catdir/enhancements/fy0739/2007278594-d.html</a>
856 41 - ELECTRONIC LOCATION AND ACCESS
Materials specified Sample text
Uniform Resource Identifier <a href="http://www.loc.gov/catdir/enhancements/fy0739/2007278594-s.html">http://www.loc.gov/catdir/enhancements/fy0739/2007278594-s.html</a>
856 41 - ELECTRONIC LOCATION AND ACCESS
Materials specified Table of contents only
Uniform Resource Identifier <a href="http://www.loc.gov/catdir/enhancements/fy0739/2007278594-t.html">http://www.loc.gov/catdir/enhancements/fy0739/2007278594-t.html</a>
906 ## - LOCAL DATA ELEMENT F, LDF (RLIN)
a 7
b cbc
c origcop
d 2
e ncip
f 20
g y-gencatlg
942 ## - ADDED ENTRY ELEMENTS (KOHA)
Source of classification or shelving scheme Library of Congress Classification
Koha item type
Call number prefix
Holdings
Withdrawn status Lost status Source of classification or shelving scheme Damaged status Home library Current library Shelving location Date acquired Total Checkouts Full call number Barcode Date last seen Copy number Price effective from Koha item type Source of acquisition Public note
    Library of Congress Classification   Luxembourg Library Luxembourg Library Teachers Reference Section 03/06/2012   BF 637.S4 .C873 2004 15456 01/25/2016 1 10/03/2013 Books    
    Library of Congress Classification   Luxembourg Library Luxembourg Library High School Section 09/15/2015   BF 637.S4 .C873 2004 20116 11/23/2015   09/15/2015 Books Library Fund Be Amazing, Be Southville!

The 8th habit :

APA

Covey S. R., . (2005). The 8th habit. New York: Free Press.

Chicago

Covey Stephen R, . 2005. The 8th habit. New York: Free Press.

Harvard

Covey S. R., . (2005). The 8th habit. New York: Free Press.

MLA

Covey Stephen R, . The 8th habit. New York: Free Press. 2005.

  • Place hold
  • Print
  • Cite
  • Add to your cart (remove)
  • Save record
    BIBTEX Dublin Core MARCXML MARC (non-Unicode/MARC-8) MARC (Unicode/UTF-8) MARC (Unicode/UTF-8, Standard) MODS (XML) RIS
  • More searches
    Search for this title in:
    Other Libraries (WorldCat) Other Databases (Google Scholar) Online Stores (Bookfinder.com) Open Library (openlibrary.org)

Exporting to Dublin Core...

SOUTHVILLE LIBRARY

Southville International School and Colleges Library

1281 Tropical Ave. Cor. Luxembourg St., BF Homes International, Las Pinas City

Tel. No. 8256374 / 252358 Loc. 117/146

Powered by Koha